000 00349nam a2200145Ia 4500
008 150201s2003 xx 000 0 und d
082 _a611
_bH2003A
100 _aP.H.ABHAHAMS
245 _aMcMINNS COLOUR ATLAS OF HUMAN ANATOMY
250 _a5TH
260 _bMOSBY
_aEDINBURGH
_c2003
300 _a1-378
650 _aANATOMY
942 _2ddc
_cBK
_01
999 _c2579
_d2579